Изуч. иностр. языков с помощью комп.. (Запис № 281904)

МАРК-запис
000 -LEADER
fixed length control field 00276nam a22001097a 4500
041 ## - LANGUAGE CODE
Language code of text/sound track or separate title eng
080 ## - UNIVERSAL DECIMAL CLASSIFICATION NUMBER
Universal Decimal Classification number 80
100 ## - MAIN ENTRY--PERSONAL NAME
Personal name Карамышева, Т. В.
245 ## - TITLE STATEMENT
Title Изуч. иностр. языков с помощью комп..
650 ## - SUBJECT ADDED ENTRY--TOPICAL TERM
Topical term or geographic name as entry element Teaching English
942 ## - ADDED ENTRY ELEMENTS (KOHA)
Koha item type Книги
Фонди
Withdrawn status Lost status Source of classification or shelving scheme Damaged status Not for loan Home library Current library Date acquired Source of acquisition Cost, normal purchase price Total Checkouts Full call number Barcode Date last seen Price effective from Koha item type
    Universal Decimal Classification     ВІЛ - Відділ іноземн. літератури НБ ВІЛ - Відділ іноземн. літератури НБ 08/08/2005 №36 4.00   80 208989 29/11/2021 20/08/2003 Книги
    Universal Decimal Classification     Ресурсний центр вивчення іноземних мов ім. Олексія Ізментінова Ресурсний центр вивчення іноземних мов ім. Олексія Ізментінова 08/08/2005 №36 4.00   80 208987 29/11/2021 20/08/2003 Книги
    Universal Decimal Classification     Ресурсний центр вивчення іноземних мов ім. Олексія Ізментінова Ресурсний центр вивчення іноземних мов ім. Олексія Ізментінова 08/08/2005 №36 4.00   80 208988 29/11/2021 20/08/2003 Книги